| 000 | 00467nam a2200133Ia 4500 | ||
|---|---|---|---|
| 005 | 20260209120138.0 | ||
| 008 | 260209s9999||||xx |||||||||||||| ||und|| | ||
| 100 | _aMadhurima Ray | ||
| 245 | 0 | _aRegulation of the broadcasting sector in India : a critical appraisal | |
| 260 |
_aBangaloreBangalore _bNLSIU _c2017 |
||
| 300 | _a146 p. ; 25 cm. | ||
| 700 | _aDr. Yashomati Ghosh - GuideDr. Yashomati Ghosh - Guide | ||
| 856 | _uhttps://dans.nls.ac.in/handle/123456789/1588 | ||
| 999 |
_c217311 _d217311 |
||